Statistics for all scottish football teams

Click here to take the quiz!

General Stats

  • This quiz has been taken 34 times
  • The average score is 27 of 42

Answer Stats

HintAnswer% Correct
premiershipceltic
94%
premiershipaberdeen
94%
premiershiphibernian
91%
premiershipdundee
88%
premiershiprangers
84%
premiershiphearts
81%
premiershipst johnstone
78%
championshipdundee united
75%
premiershipst mirren
75%
premiershipmotherwell
75%
premiershipkilmarnock
75%
championshipinverness
72%
championshipqueen of the south
72%
premiershiplivingston
69%
championshipfalkirk
69%
league 2queens park
66%
championshippartick thistle
66%
championshipross county
66%
premiershiphamilton
66%
championshipgreenock morton
63%
leqgue 1raith rovers
63%
championshipalloa athletic
63%
league 2clyde
59%
league 2cowdenbeath
59%
league 1arbroath
59%
championshipayr united
59%
league 1forfar athletic
56%
league 1montrose
56%
league 1stranraer
56%
league 1east fife
56%
league 2albion rovers
53%
league 1airdrieonians
50%
championshipdunfermline athletic
50%
league 2annan athletic
50%
league 2elgin city
47%
league 2stirling albion
47%
league 2berwick rangers
47%
league 1dumbarton
47%
league 1brechin city
47%
league 2edinburgh city
44%
league 1stenhousemuir
44%
league 2peterhead
41%

Score Distribution

Percentile by Number Answered

Percent of People with Each Score

Your Score History

You have not taken this quiz